[Event "DSOL 03 Liga Gr-B 1st"]
[Site "Playchess.com INT"]
[Date "2020.08.06"]
[Round "7.4"]
[White "Schneider, Richard1111"]
[Black "Vogt, Peter"]
[Result "1-0"]
[WhiteElo "2054"]
[BlackElo "1895"]
[PlyCount "61"]
[EventDate "2020.06.22"]
[EventType "team-tourn (rapid)"]
[EventCountry "GER"]
[SourceTitle "EXT 2021"]
[Source "ChessBase"]
[SourceDate "2020.10.23"]
[SourceVersion "1"]
[SourceVersionDate "2020.10.23"]
[SourceQuality "1"]
[WhiteTeam "Graefelfing"]
[BlackTeam "Bad Toelz"]
[WhiteTeamCountry "GER"]
[BlackTeamCountry "GER"]

1. c4 c5 2. Nc3 Nc6 3. Nf3 Nf6 4. g3 d5 5. cxd5 Nxd5 6. Nxd5 Qxd5 7. Bg2 g6 8. 0-0 Bg7 9. d3 0-0 10. Be3 Bxb2 11. Nd4 Qd7 12. Nxc6 bxc6 13. Rb1 Bd4 14. Bh6 Bg7 15. Bxg7 Kxg7 16. Qa4 Bb7 17. Rfc1 Rfc8 18. Rxc5 f6 19. d4 e6 20. e3 f5 21. Rbc1 Kf6 22. d5 exd5 23. Bxd5 Ke7 24. Qh4+ Ke8 25. Bb3 Qe7 26. Qf4 Kf8 27. Re5 Qg7 28. Qb4+ c5 29. Rcxc5 Qxe5 30. Rxc8+ Kg7 31. Qf8# 1-0

[Event "DSOL 03 Liga Gr-B 1st"]
[Site "Playchess.com INT"]
[Date "2020.07.30"]
[Round "6.4"]
[White "Vogt, Peter"]
[Black "Hoehn, Alexander"]
[Result "0-1"]
[WhiteElo "1895"]
[BlackElo "1886"]
[PlyCount "50"]
[EventDate "2020.06.22"]
[EventType "team-tourn (rapid)"]
[EventCountry "GER"]
[SourceTitle "EXT 2021"]
[Source "ChessBase"]
[SourceDate "2020.10.23"]
[SourceVersion "1"]
[SourceVersionDate "2020.10.23"]
[SourceQuality "1"]
[WhiteTeam "Bad Toelz"]
[BlackTeam "Dachau"]
[WhiteTeamCountry "GER"]
[BlackTeamCountry "GER"]

1. c4 Nf6 2. Nc3 e6 3. e4 d5 4. e5 Ne4 5. d3 Nxc3 6. bxc3 dxc4 7. d4 b5 8. a4 c6 9. axb5 cxb5 10. Qf3 Qd5 11. Ba3 Bxa3 12. Rxa3 0-0 13. Be2 Bb7 14. Qxd5 Bxd5 15. Nf3 Nc6 16. 0-0 a5 17. Rfa1 Rab8 18. Rc1 Rfc8 19. Rd1 b4 20. cxb4 axb4 21. Ra6 b3 22. Ne1 Nb4 23. Raa1 c3 24. Nd3 Nxd3 25. Bxd3 c2 0-1

[Event "Mittelfranken-chTB2b 1920"]
[Site "Mittelfranken"]
[Date "2020.02.16"]
[Round "6.6"]
[White "Mueller, Ludwig"]
[Black "Vogt, Peter"]
[Result "1/2-1/2"]
[WhiteElo "1580"]
[BlackElo "1829"]
[PlyCount "80"]
[EventDate "2019.10.13"]
[EventType "team-tourn"]
[EventRounds "9"]
[EventCountry "GER"]
[SourceTitle "EXT 2023"]
[Source "ChessBase"]
[SourceDate "2022.10.05"]
[SourceVersion "1"]
[SourceVersionDate "2022.10.05"]
[SourceQuality "1"]
[WhiteTeam "Nuernberg Anderssen"]
[BlackTeam "Schwanstetten"]
[WhiteTeamCountry "GER"]
[BlackTeamCountry "GER"]

1. e4 c5 2. Nc3 Nc6 3. f4 g6 4. Nf3 Bg7 5. d3 Qb6 6. Nd5 Qd8 7. c3 e6 8. Ne3 Nge7 9. Be2 0-0 10. 0-0 b6 11. Rb1 Qc7 12. g3 Bb7 13. Ng2 d5 14. e5 Rac8 15. d4 cxd4 16. Nxd4 a6 17. Be3 Na5 18. Bf2 Nc4 19. Ne3 Rfd8 20. Qc2 Nc6 21. Nxc4 dxc4 22. Bf3 Ne7 23. Bxb7 Qxb7 24. Qe2 Nd5 25. Rbd1 b5 26. a3 a5 27. Nc2 Rd7 28. Ne3 Rcd8 29. Nxd5 Rxd5 30. Rxd5 Qxd5 31. Bd4 Bf8 32. Qf3 b4 33. Qxd5 Rxd5 34. axb4 axb4 35. Ra1 bxc3 36. bxc3 Rd8 37. Ra4 Rc8 38. Kf2 Be7 39. h4 h5 40. Ke3 Kf8 1/2-1/2

[Event "Mittelfranken-chTB2b 1920"]
[Site "Mittelfranken"]
[Date "2019.12.01"]
[Round "3.6"]
[White "Vogt, Peter"]
[Black "Guttenberger, Severin"]
[Result "1/2-1/2"]
[WhiteElo "1829"]
[BlackElo "1704"]
[PlyCount "49"]
[EventDate "2019.10.13"]
[EventType "team-tourn"]
[EventRounds "9"]
[EventCountry "GER"]
[SourceTitle "EXT 2023"]
[Source "ChessBase"]
[SourceDate "2022.10.05"]
[SourceVersion "1"]
[SourceVersionDate "2022.10.05"]
[SourceQuality "1"]
[WhiteTeam "Schwanstetten"]
[BlackTeam "Stein SC"]
[WhiteTeamCountry "GER"]
[BlackTeamCountry "GER"]

1. e4 c5 2. Nf3 Nc6 3. d4 cxd4 4. Nxd4 e5 5. Nb5 d6 6. N1c3 a6 7. Na3 b5 8. Nd5 Be7 9. c4 b4 10. Nc2 a5 11. a3 b3 12. Nce3 a4 13. Bd3 Nf6 14. 0-0 0-0 15. Bd2 Ba6 16. Nf5 Nxd5 17. exd5 Nb8 18. Qg4 g6 19. Bh6 Re8 20. f4 Nd7 21. Rae1 Bf8 22. Bxf8 Rxf8 23. Nxd6 Qb6+ 24. Kh1 Qxd6 25. fxe5 1/2-1/2

[Event "Mittelfranken-chTB2b 1819"]
[Site "Mittelfranken"]
[Date "2019.03.31"]
[Round "8.6"]
[White "Niebler, Andreas"]
[Black "Vogt, Peter"]
[Result "1-0"]
[WhiteElo "1854"]
[BlackElo "1827"]
[PlyCount "37"]
[EventDate "2018.10.14"]
[EventType "team-tourn"]
[EventRounds "9"]
[EventCountry "GER"]
[SourceTitle "EXT 2022"]
[Source "ChessBase"]
[SourceDate "2021.10.06"]
[SourceVersion "1"]
[SourceVersionDate "2021.10.06"]
[SourceQuality "1"]
[WhiteTeam "Neumarkt"]
[BlackTeam "Schwanstetten"]
[WhiteTeamCountry "GER"]
[BlackTeamCountry "GER"]

1. d4 c5 2. Nf3 cxd4 3. Nxd4 e5 4. Nf3 e4 5. Nd4 d5 6. e3 Nf6 7. c4 Bd6 8. Nc3 dxc4 9. Bxc4 a6 10. Qc2 Qa5 11. Bd2 Qe5 12. f4 exf3 13. Nxf3 Qh5 14. Ne4 Nxe4 15. Qxe4+ Be7 16. 0-0 Nc6 17. Nd4 Ne5 18. Nf5 Qg5 19. Qxe5 1-0

[Event "Mittelfranken-chTB2b 1819"]
[Site "Mittelfranken"]
[Date "2019.01.27"]
[Round "4.7"]
[White "Vogt, Peter"]
[Black "Uhlendorff, Daniel"]
[Result "1-0"]
[WhiteElo "1827"]
[BlackElo "1547"]
[PlyCount "81"]
[EventDate "2018.10.14"]
[EventType "team-tourn"]
[EventRounds "9"]
[EventCountry "GER"]
[SourceTitle "EXT 2022"]
[Source "ChessBase"]
[SourceDate "2021.10.06"]
[SourceVersion "1"]
[SourceVersionDate "2021.10.06"]
[SourceQuality "1"]
[WhiteTeam "Schwanstetten"]
[BlackTeam "Muehlhof/Schwabach II"]
[WhiteTeamCountry "GER"]
[BlackTeamCountry "GER"]

1. e4 c5 2. Nf3 e6 3. d4 cxd4 4. Nxd4 Nc6 5. Nc3 Qb6 6. Ndb5 Bc5 7. Nd6+ Ke7 8. Nf5+ Kf8 9. Ne3 Bxe3 10. Bxe3 Qxb2 11. Nb5 Qb4+ 12. c3 Qxe4 13. Qd6+ Nge7 14. Nc7 Rb8 15. 0-0-0 b6 16. Bd3 Qe5 17. Bf4 Qxc3+ 18. Kb1 Qb4+ 19. Qxb4 Nxb4 20. Nxe6+ fxe6 21. Bxb8 Bb7 22. Bxa7 Nxd3 23. Rxd3 Be4 24. Rhd1 Bxd3+ 25. Rxd3 Nd5 26. Rb3 Ke7 27. Bxb6 Nxb6 28. Rxb6 Ra8 29. Kb2 Kd8 30. Rb3 d5 31. Rh3 h6 32. Rg3 Ra7 33. h4 Rf7 34. f3 Kc7 35. a4 e5 36. Rg6 d4 37. Re6 Rf4 38. Rxe5 Kd6 39. Re4 g5 40. Rxf4 gxf4 41. Kc2 1-0

[Event "Mittelfranken-chTB2b 1819"]
[Site "Mittelfranken"]
[Date "2018.12.02"]
[Round "3.7"]
[White "Meyer, Harald"]
[Black "Vogt, Peter"]
[Result "0-1"]
[WhiteElo "1634"]
[BlackElo "1827"]
[PlyCount "40"]
[EventDate "2018.10.14"]
[EventType "team-tourn"]
[EventRounds "9"]
[EventCountry "GER"]
[SourceTitle "EXT 2022"]
[Source "ChessBase"]
[SourceDate "2021.10.06"]
[SourceVersion "1"]
[SourceVersionDate "2021.10.06"]
[SourceQuality "1"]
[WhiteTeam "Grossenseebach"]
[BlackTeam "Schwanstetten"]
[WhiteTeamCountry "GER"]
[BlackTeamCountry "GER"]

1. Nf3 c5 2. c4 Nf6 3. g3 Nc6 4. Bg2 e5 5. d3 d5 6. cxd5 Nxd5 7. Nc3 Nb6 8. 0-0 Be7 9. a4 Be6 10. Nd2 0-0 11. b3 f5 12. Bb2 Rf6 13. a5 Nd5 14. Nxd5 Bxd5 15. Bxd5+ Qxd5 16. Nc4 Rh6 17. Bc1 Rg6 18. Ne3 Qd7 19. Ng2 f4 20. f3 Qd4+ 0-1

[Event "Mittelfranken-chTB2b 1819"]
[Site "Mittelfranken"]
[Date "2018.11.04"]
[Round "2.7"]
[White "Vogt, Peter"]
[Black "Hadasch, Frank"]
[Result "1/2-1/2"]
[WhiteElo "1827"]
[BlackElo "1657"]
[PlyCount "44"]
[EventDate "2018.10.14"]
[EventType "team-tourn"]
[EventRounds "9"]
[EventCountry "GER"]
[SourceTitle "EXT 2022"]
[Source "ChessBase"]
[SourceDate "2021.10.06"]
[SourceVersion "1"]
[SourceVersionDate "2021.10.06"]
[SourceQuality "1"]
[WhiteTeam "Schwanstetten"]
[BlackTeam "Nuernberg Noris Tarrasch IV"]
[WhiteTeamCountry "GER"]
[BlackTeamCountry "GER"]

1. e4 c5 2. Nf3 Nc6 3. d4 cxd4 4. Nxd4 g6 5. Nxc6 bxc6 6. Qd4 Nf6 7. e5 Nd5 8. e6 f6 9. exd7+ Bxd7 10. Bc4 e5 11. Qd2 Be6 12. 0-0 Nc7 13. Qe2 Bc5 14. Bh6 Kf7 15. Nc3 Qe7 16. Kh1 Rhe8 17. f4 exf4 18. Rxf4 f5 19. Ne4 Bd5 20. Re1 Ne6 21. Rff1 Kg8 22. Nxc5 Qxc5 1/2-1/2

[Event "Mittelfranken-chT2b 1617"]
[Site "Mittelfranken"]
[Date "2017.02.12"]
[Round "6.8"]
[White "Albayrak, Aylin"]
[Black "Vogt, Peter"]
[Result "0-1"]
[WhiteElo "1600"]
[BlackElo "1878"]
[PlyCount "104"]
[EventDate "2016.10.23"]
[EventType "team-tourn"]
[EventRounds "9"]
[EventCountry "GER"]
[SourceTitle "EXT 2022"]
[Source "ChessBase"]
[SourceDate "2021.10.06"]
[SourceVersion "1"]
[SourceVersionDate "2021.10.06"]
[SourceQuality "1"]
[WhiteTeam "Nuernberg Zabo Eintracht II"]
[BlackTeam "Schwanstetten"]
[WhiteTeamCountry "GER"]
[BlackTeamCountry "GER"]

1. d4 c5 2. d5 e5 3. c4 f5 4. Nc3 Nf6 5. Nf3 d6 6. e3 Be7 7. Be2 0-0 8. b3 Na6 9. Bb2 Nc7 10. Qc2 a6 11. a4 Kh8 12. 0-0 Rb8 13. e4 fxe4 14. Nxe4 Nxe4 15. Qxe4 Bf5 16. Qe3 e4 17. Nd2 Bg5 18. Qg3 Qe7 19. Rad1 e3 20. f4 Bh4 21. Bxg7+ Qxg7 22. Qxh4 exd2 23. Rf3 Rg8 24. g3 Qd4+ 25. Kf1 Bc2 26. Qe7 Rbe8 27. Rxd2 Qxd2 28. Qf6+ Rg7 29. Rf2 Be4 30. Kg1 Qe1+ 31. Bf1 Bd3 32. Qxd6 Bxf1 33. Rxf1 Qe3+ 34. Kg2 Qe2+ 35. Rf2 Qe4+ 36. Rf3 Qe7 37. Qxe7 Rgxe7 38. d6 Re2+ 39. Kh3 Rc8 40. dxc7 Rxc7 41. Rd3 Ree7 42. Kg4 Rcd7 43. Rf3 Kg7 44. Kg5 Rd4 45. g4 Ree4 46. h3 Rd2 47. f5 Rde2 48. f6+ Kf7 49. Kh6 R2e3 50. Rxe3 Rxe3 51. h4 Rh3 52. h5 Kxf6 0-1

[Event "Mittelfranken-chT2b 1617"]
[Site "Mittelfranken"]
[Date "2016.10.23"]
[Round "1.7"]
[White "Vogt, Peter"]
[Black "Weber, Alexander"]
[Result "1-0"]
[WhiteElo "1878"]
[BlackElo "1802"]
[PlyCount "77"]
[EventDate "2016.10.23"]
[EventType "team-tourn"]
[EventRounds "9"]
[EventCountry "GER"]
[SourceTitle "EXT 2022"]
[Source "ChessBase"]
[SourceDate "2021.10.06"]
[SourceVersion "1"]
[SourceVersionDate "2021.10.06"]
[SourceQuality "1"]
[WhiteTeam "Schwanstetten"]
[BlackTeam "Erlangen SC III"]
[WhiteTeamCountry "GER"]
[BlackTeamCountry "GER"]

1. e4 Nc6 2. Nc3 e5 3. f4 exf4 4. Nf3 g5 5. Bc4 g4 6. 0-0 gxf3 7. Qxf3 Bh6 8. d4 Nxd4 9. Bxf7+ Kf8 10. Qh5 Qg5 11. Bxf4 Qxh5 12. Bxh5 Bxf4 13. Rxf4+ Kg7 14. Raf1 c6 15. g4 d6 16. g5 Nh6 17. Rf6 Nhf5 18. exf5 Rf8 19. Rxf8 Kxf8 20. Ne4 d5 21. Nd6 Nxc2 22. f6 Ne3 23. Re1 d4 24. Nc4 Bg4 25. Bxg4 Nxg4 26. Re7 Re8 27. Rxh7 Re1+ 28. Kg2 Re2+ 29. Kg3 Ne3 30. Nxe3 Rxe3+ 31. Kf2 Re5 32. h4 d3 33. Rd7 Re4 34. Rxd3 Rxh4 35. Kg3 Rb4 36. b3 c5 37. g6 Rd4 38. Rxd4 cxd4 39. Kf3 1-0

[Event "Mittelfranken-chTB2b 1516"]
[Site "Mittelfranken"]
[Date "2015.11.22"]
[Round "3.6"]
[White "Vogt, Peter"]
[Black "Puschak, Oliver"]
[Result "0-1"]
[WhiteElo "1828"]
[BlackElo "1952"]
[PlyCount "48"]
[EventDate "2015.10.18"]
[EventType "team-tourn"]
[EventRounds "9"]
[EventCountry "GER"]
[SourceTitle "EXT 2020"]
[Source "ChessBase"]
[SourceDate "2019.10.17"]
[SourceVersion "1"]
[SourceVersionDate "2019.10.17"]
[SourceQuality "1"]
[WhiteTeam "Schwanstetten"]
[BlackTeam "Lauf SV"]
[WhiteTeamCountry "GER"]
[BlackTeamCountry "GER"]

1. e4 e6 2. d4 d5 3. Nc3 Nf6 4. e5 Nfd7 5. Nce2 c5 6. c3 Nc6 7. f4 Qb6 8. a3 Be7 9. Nf3 0-0 10. g3 cxd4 11. cxd4 f6 12. Bg2 Kh8 13. exf6 Bxf6 14. 0-0 e5 15. fxe5 Ndxe5 16. Nxe5 Nxe5 17. Bg5 Bg4 18. Bxf6 Rxf6 19. Rxf6 gxf6 20. Kh1 Nc4 21. Rb1 Re8 22. Qa4 Rxe2 23. Bxd5 Nxb2 24. Rxb2 Qxb2 0-1

[Event "Mittelfranken-chTB1 1314"]
[Site "Mittelfranken"]
[Date "2014.05.04"]
[Round "9.6"]
[White "Vogt, Peter"]
[Black "Ludwig, Michael"]
[Result "0-1"]
[WhiteElo "1828"]
[BlackElo "1898"]
[PlyCount "66"]
[EventDate "2013.10.20"]
[EventType "team-tourn"]
[EventRounds "9"]
[EventCountry "GER"]
[SourceTitle "EXT 2020"]
[Source "ChessBase"]
[SourceDate "2019.10.17"]
[SourceVersion "1"]
[SourceVersionDate "2019.10.17"]
[SourceQuality "1"]
[WhiteTeam "Schwanstetten"]
[BlackTeam "Buechenbach/Roth"]
[WhiteTeamCountry "GER"]
[BlackTeamCountry "GER"]

1. e4 c6 2. Nc3 d5 3. Nf3 Bg4 4. h3 Bxf3 5. Qxf3 Nf6 6. d3 e6 7. Bd2 Bb4 8. e5 Nfd7 9. Qg3 g6 10. a3 Ba5 11. Be2 d4 12. Ne4 Bxd2+ 13. Nxd2 Qa5 14. f4 c5 15. b4 cxb4 16. Nc4 Qc7 17. Nd6+ Kf8 18. 0-0 Nc6 19. axb4 Nxb4 20. Rab1 a5 21. Bf3 Rb8 22. Qh4 Kg7 23. Qe7 Rhf8 24. h4 Nc6 25. Qg5 f6 26. Qg4 Nd8 27. h5 fxe5 28. fxe5 Nxe5 29. Qxd4 Ndf7 30. Be4 Kg8 31. hxg6 hxg6 32. Nxb7 Ng4 33. Nc5 Qh2# 0-1

[Event "Mittelfranken-chTB1 1213"]
[Site "Germany"]
[Date "2012.12.02"]
[Round "4.6"]
[White "Vogt, Peter"]
[Black "Akopdjanian, Martin"]
[Result "1-0"]
[WhiteElo "1885"]
[BlackElo "1625"]
[PlyCount "49"]
[EventDate "2012.10.07"]
[EventType "team-tourn"]
[EventRounds "9"]
[EventCountry "GER"]
[SourceTitle "EXT 2019"]
[Source "ChessBase"]
[SourceDate "2018.10.10"]
[SourceVersion "1"]
[SourceVersionDate "2018.10.10"]
[SourceQuality "1"]
[WhiteTeam "Schwanstetten"]
[BlackTeam "Fuerth SZ"]
[WhiteTeamCountry "GER"]
[BlackTeamCountry "GER"]

1. e4 c5 2. Nf3 Nc6 3. d4 cxd4 4. Nxd4 e6 5. c4 Bb4+ 6. Bd2 Bxd2+ 7. Qxd2 Nf6 8. Nc3 0-0 9. Be2 d5 10. cxd5 exd5 11. exd5 Nxd5 12. 0-0 Nxd4 13. Qxd4 Nxc3 14. Qxc3 Be6 15. Bf3 Qb6 16. a4 Rac8 17. a5 Qb5 18. Qd4 Rfd8 19. Qxa7 Qxb2 20. Qxb7 Qe5 21. a6 Rc7 22. Qb6 Rdc8 23. a7 Qxa1 24. Qxc7 Qa6 25. Qxc8+ 1-0

[Event "Mittelfranken-ch HT 61st"]
[Site "Weissenburg"]
[Date "2012.04.04"]
[Round "5"]
[White "Vogt, Peter"]
[Black "Bildt, Thomas"]
[Result "0-1"]
[WhiteElo "1885"]
[BlackElo "2012"]
[PlyCount "84"]
[EventDate "2012.04.02"]
[EventType "swiss"]
[EventRounds "7"]
[EventCountry "GER"]
[SourceTitle "EXT 2015"]
[Source "ChessBase"]
[SourceDate "2014.11.20"]
[SourceVersion "1"]
[SourceVersionDate "2014.11.20"]
[SourceQuality "1"]

1. e4 e5 2. f4 d6 3. Nf3 exf4 4. d4 g5 5. Bc4 Bg7 6. 0-0 Nc6 7. c3 h6 8. g3 g4 9. Bxf4 gxf3 10. Qxf3 Nf6 11. e5 Bg4 12. Qg2 dxe5 13. dxe5 Nh5 14. Bxf7+ Kxf7 15. Bg5+ Nf6 16. Bxf6 Qd7 17. Qe4 Bh3 18. Nd2 Raf8 19. Bh4+ Kg8 20. Rxf8+ Bxf8 21. Nf3 Qf5 22. Qd5+ Qe6 23. Qe4 Bc5+ 24. Kh1 Bf5 25. Qe2 Bg4 26. Bf6 Nxe5 27. Bxe5 Qxe5 28. Nxe5 Bxe2 29. Re1 Bb5 30. Kg2 Kg7 31. b4 Bd6 32. Ng4 Re8 33. Rd1 Be2 34. Rd4 Bxg4 35. Rxg4+ Kf6 36. h4 Re2+ 37. Kf3 Rxa2 38. h5 Kf7 39. Rg6 Bf8 40. g4 Rc2 41. Kf4 Rxc3 42. Kf5 Rf3+ 0-1

[Event "Mittelfranken-ch HT 61st"]
[Site "Weissenburg"]
[Date "2012.04.03"]
[Round "4"]
[White "Hein, Manfred"]
[Black "Vogt, Peter"]
[Result "1/2-1/2"]
[WhiteElo "1958"]
[BlackElo "1885"]
[PlyCount "76"]
[EventDate "2012.04.02"]
[EventType "swiss"]
[EventRounds "7"]
[EventCountry "GER"]
[SourceTitle "EXT 2015"]
[Source "ChessBase"]
[SourceDate "2014.11.20"]
[SourceVersion "1"]
[SourceVersionDate "2014.11.20"]
[SourceQuality "1"]

1. e4 c5 2. Nf3 d6 3. d4 cxd4 4. Nxd4 Nf6 5. Nc3 a6 6. Be2 e5 7. Nb3 Be7 8. Be3 0-0 9. 0-0 Be6 10. f3 Nc6 11. Qd2 d5 12. exd5 Nxd5 13. Nxd5 Qxd5 14. Qxd5 Bxd5 15. Rfd1 Be6 16. Nc5 Bxc5 17. Bxc5 Rfd8 18. a3 Rxd1+ 19. Rxd1 Rd8 20. Rxd8+ Nxd8 21. c4 f6 22. b4 Kf7 23. b5 axb5 24. cxb5 Ke8 25. a4 Bd5 26. a5 Ne6 27. Bb4 Kd7 28. Kf2 g6 29. h4 Nd4 30. Bd3 f5 31. Bc3 Nb3 32. h5 Ke6 33. hxg6 hxg6 34. Bb4 Nd4 35. Bc5 Nb3 36. Bb6 Nd2 37. a6 bxa6 38. bxa6 Nc4 1/2-1/2

[Event "Mittelfranken-chTB2b 1112"]
[Site "Germany"]
[Date "2012.03.11"]
[Round "8.4"]
[White "Perner, Bastian"]
[Black "Vogt, Peter"]
[Result "1/2-1/2"]
[WhiteElo "1881"]
[BlackElo "1910"]
[PlyCount "24"]
[EventDate "2011.09.25"]
[EventType "team-tourn"]
[EventRounds "9"]
[EventCountry "GER"]
[SourceTitle "EXT 2018"]
[Source "ChessBase"]
[SourceDate "2017.10.13"]
[SourceVersion "1"]
[SourceVersionDate "2017.10.13"]
[SourceQuality "1"]
[WhiteTeam "Heideck/Hilpoltstein"]
[BlackTeam "Schwanstetten"]
[WhiteTeamCountry "GER"]
[BlackTeamCountry "GER"]

1. e4 c6 2. d4 d5 3. exd5 cxd5 4. c4 Nf6 5. Nc3 Nc6 6. Be2 dxc4 7. d5 Ne5 8. Bxc4 Nxc4 9. Qa4+ Bd7 10. Qxc4 Rc8 11. Qb3 Qc7 12. Nge2 e5 1/2-1/2

[Event "Mittelfranken-chTB2b 0910"]
[Site "Mittelfranken"]
[Date "2010.04.18"]
[Round "9.3"]
[White "Vogt, Peter"]
[Black "Ceglar, Michael"]
[Result "1-0"]
[WhiteElo "1917"]
[BlackElo "1777"]
[PlyCount "79"]
[EventDate "2009.10.11"]
[EventType "team-tourn"]
[EventRounds "9"]
[EventCountry "GER"]
[SourceTitle "EXT 2011"]
[Source "ChessBase"]
[SourceDate "2010.11.26"]
[SourceVersion "1"]
[SourceVersionDate "2010.11.26"]
[SourceQuality "1"]
[WhiteTeam "Schwanstetten"]
[BlackTeam "Postbauer Heng II"]
[WhiteTeamCountry "GER"]
[BlackTeamCountry "GER"]

1. e4 e5 2. f4 exf4 3. Bc4 Nf6 4. Nc3 Bb4 5. Nf3 d6 6. 0-0 0-0 7. d4 Bxc3 8. bxc3 Nxe4 9. Bxf4 d5 10. Bd3 Bg4 11. Qe1 f5 12. Rb1 b6 13. Ne5 Bh5 14. c4 Nd7 15. Nc6 Qf6 16. cxd5 Nd6 17. Be5 Qh6 18. Qh4 Kh8 19. Bf4 Qg6 20. Ne7 Qg4 21. Qe1 g5 22. Be5+ Nf6 23. Nxf5 Nxf5 24. Rxf5 Kg7 25. h3 Qh4 26. Qxh4 gxh4 27. Rxh5 Kg8 28. Rxh4 Rad8 29. Rf1 Rd6 30. Bxd6 cxd6 31. Rhf4 Kg7 32. g4 h6 33. h4 Nd7 34. Rxf8 Nxf8 35. g5 hxg5 36. hxg5 Ng6 37. Bxg6 Kxg6 38. Rf6+ Kxg5 39. Rxd6 Kf5 40. Re6 1-0

[Event "Mittelfranken-chTB2b 0809"]
[Site "Mittelfranken"]
[Date "2008.12.07"]
[Round "3.5"]
[White "Schuster, Norbert"]
[Black "Vogt, Peter"]
[Result "1/2-1/2"]
[WhiteElo "1794"]
[BlackElo "1939"]
[PlyCount "83"]
[EventDate "2008.10.12"]
[EventType "team"]
[EventRounds "9"]
[EventCountry "GER"]
[SourceTitle "EXT 2011"]
[Source "ChessBase"]
[SourceDate "2010.11.26"]
[SourceVersion "1"]
[SourceVersionDate "2010.11.26"]
[SourceQuality "1"]
[WhiteTeam "Buechenbach/Roth II"]
[BlackTeam "Schwanstetten"]
[WhiteTeamCountry "GER"]
[BlackTeamCountry "GER"]

1. e4 c5 2. Nf3 d6 3. d4 cxd4 4. Nxd4 Nf6 5. Bd3 Nc6 6. Nxc6 bxc6 7. 0-0 e5 8. h3 Be7 9. c4 0-0 10. Nc3 Rb8 11. b3 Qc7 12. Qe2 Bb7 13. Be3 Ba8 14. Rfd1 Rfd8 15. Rac1 Qb7 16. Bb1 Rd7 17. c5 dxc5 18. Na4 Rxd1+ 19. Rxd1 Qb4 20. Qb2 c4 21. Qxe5 cxb3 22. axb3 Qxb3 23. Bc2 Qb7 24. Rb1 Bb4 25. Nc5 Qc8 26. Bg5 Rb5 27. Bxf6 Bxc5 28. Qg3 Rxb1+ 29. Bxb1 Bf8 30. e5 c5 31. Qd3 g6 32. h4 c4 33. Qg3 Qb7 34. Ba2 Qb2 35. Bxc4 Qc1+ 36. Bf1 Bd5 37. Qd3 Be6 38. h5 a5 39. hxg6 fxg6 40. Qa6 Bb3 41. e6 Qc5 42. e7 1/2-1/2